000 00297nam a2200121Ia 4500
005 20251222140108.0
008 251222s1900||||xx |||||||||||||| ||spa||
082 _a111.8/M26S
100 _aMaritain, Jacques
245 0 _aSiete Lecciones sobre el Ser
264 _bDesclée de Brouwer
942 _cLIB
999 _c4194
_d4194